|
|
|
|
| LEADER |
01231nam a2200277 a 4500 |
| 001 |
GR-Antirio589 |
| 008 |
090220s2001 gr b 001 0 gre d |
| 020 |
|
|
|a 1558608265
|
| 040 |
|
|
|a GrPaTEI
|b gre
|c GR-PaULI
|
| 040 |
|
|
|a GrPaTEI
|b gre
|c GR-PaULI
|
| 040 |
|
|
|a GrPaTEI
|b gre
|c GR-PaULI
|
| 082 |
|
0 |
|a 005.276
|2 21
|
| 100 |
1 |
|
|a Donahoo, Michael J.
|
| 245 |
1 |
0 |
|a TCP / IP Soockets in C :
|b practical guide for programmers /
|c Donahoo, Michael J. , Calvert, Kenneth l.
|
| 260 |
|
|
|a San Francisco :
|b Morgan Kaufmann Publishers,
|c c 2001
|
| 300 |
|
|
|a xτ. , 130 σ. :
|b εικ. ;
|c 23 εκ.
|
| 490 |
0 |
|
|a The Morgan Kaufmann practical guides series.
|
| 504 |
|
|
|a Περιλαμβάνει βιβλιογραφίες και ευρετήριο.
|
| 650 |
|
0 |
|a APPLICATION PROGAM INTERFACES (COMPUTER SOFTWARE )
|
| 650 |
|
0 |
|a C (Computer program language)
|
| 650 |
|
0 |
|a TCP / IP (Computer network protocol)
|
| 700 |
1 |
|
|a Calvert, Kenneth L.
|
| 942 |
|
|
|2 ddc
|
| 952 |
|
|
|0 0
|1 0
|2 ddc
|4 0
|6 005_276000000000000_DON
|7 0
|9 261785
|a LISK-2
|b LISK-2
|c BSC
|d 2021-01-17
|e 24
|f 0
|g 0.00
|l 0
|o 005.276 DON
|p 2430000006706
|r 2021-01-17 00:00:00
|t 1
|w 2021-01-17
|y BK15
|x 20090220 0 1
|x GrPaTEI - Antirrio
|
| 971 |
|
|
|a .b25703882
|b 01-10-20
|c 12-09-16
|
| 999 |
|
|
|c 151048
|d 151048
|